Unix shell programming / (Record no. 62303)

MARC details
000 -LEADER
fixed length control field 00545nam a22001577a 4500
005 - DATE AND TIME OF LATEST TRANSACTION
control field 20120208150114.0
020 ## - INTERNATIONAL STANDARD BOOK NUMBER
International Standard Book Number 8170297532
Terms of availability 195.00
035 ## - SYSTEM CONTROL NUMBER
System control number B-89752
037 ## - SOURCE OF ACQUISITION
Stock number DPL
Source of stock number/acquisition ENG
100 ## - MAIN ENTRY--PERSONAL NAME
Personal name Kanetkar, Yashwant P.
245 ## - TITLE STATEMENT
Title Unix shell programming /
Statement of responsibility, etc by Yashwant P. Kanetkar
260 ## - PUBLICATION, DISTRIBUTION, ETC. (IMPRINT)
Place of publication, distribution, etc New Delhi
Name of publisher, distributor, etc BPB Publications
300 ## - PHYSICAL DESCRIPTION
Extent xiii, 486p.
Dimensions 20 cms.
942 ## - ADDED ENTRY ELEMENTS (KOHA)
Source of classification or shelving scheme Dewey Decimal Classification
Item type English Books
Classification part 005.3
Call number suffix KAN
Holdings
Withdrawn status Lost status Not for loan Collection code Home library Current library Date acquired Cost, normal purchase price Full call number Barcode Cost, replacement price Koha item type
      Non-fiction Sarojini Nagar Sarojini Nagar 08/02/2012 195.00 005.3 KAN B-89752 195.00 English Books

© Delhi Public Library
Hit Counter
free hit counter